World's 100 Largest Islands - Statistics

General Stats
  • This quiz has been taken 26 times
  • The average score is 34 of 100
Answer Stats
Country/Region Size (sq.km.) Answer % Correct
Denmark 2,130,800 Greenland
95%
Indonesia/Malaysia/Brunei 748,168 Borneo
90%
southern Africa (island nation) 587,041 Madagascar
90%
United Kingdom 209,931 Great Britain
86%
Japan 227,938 Honshū
86%
Indonesia 138,794 Java
81%
Papua New Guinea/Indonesia 785,753 New Guinea
81%
New Zealand 111,583 North Island
81%
New Zealand 145,836 South Island
81%
Indonesia 443,065 Sumatra
81%
Caribbean (island nation) 105,806 Cuba
76%
northwestern Europe (island nation) 101,826 Iceland
76%
Republic of ______/UK 84,421 Ireland
76%
Australia (its own state) 65,022 Tasmania
76%
Canada (Nunavut) 507,451 Baffin Island
71%
South Asia (island nation) 65,268 Sri Lanka
71%
Haiti/Dominican Rep. 73,929 Hispaniola
67%
Japan 77,982 Hokkaido
67%
Philippines 109,965 Luzon
67%
Canada (name in province) 108,860 Newfoundland
62%
Italy 25,711 Sicily
62%
Indonesia 180,681 Sulawesi
62%
Canada (Nunavut) 196,236 Ellesmere Island
57%
Philippines 97,530 Mindanao
57%
Russia (its own oblast) 72,493 Sakhalin
57%
Italy 23,949 Sardinia
57%
East Asia (island nation/claimed by China) 34,507 Taiwan
57%
East _____/Indonesia 28,418 Timor
57%
Canada (British Columbia) 31,285 Vancouver Island
57%
Caribbean (island nation) 11,190 Jamaica
52%
Canada (mostly Nunavut) 217,291 Victoria Island
52%
Greece 8,350 Crete
48%
France 8,741 Corsica
43%
United States (state name) 10,434 Hawai'i
43%
Argentina/Chile 47,992 Isla Grande de Tierra del Fuego
43%
Canada (Northwest Territories) 70,028 Banks Island
38%
eastern Mediterranean Sea (island nation) 9,234 Cyprus
38%
China 33,210 Hainan
38%
Japan 36,782 Kyūshū
38%
United States (commonwealth) 8,868 Puerto Rico
38%
Japan 18,296 Shikoku
29%
Canada (Nunavut) 55,247 Devon Island
24%
Papua New Guinea 35,145 New Britain
24%
Russia (Arkhangel'sk Oblast) 47,079 Severny Island
24%
Denmark 7,031 Sjælland
24%
Antarctica 49,070 Alexander Island
19%
Papua New Guinea 9,318 Bougainville Island
19%
Indonesia 14,154 Flores
19%
Indonesia 18,040 Halmahera
19%
Brazil 40,100 Marajó
19%
Philippines 12,189 Palawan
19%
Norway (Svalbard) 38,981 Spitsbergen
19%
Fiji 10,531 Viti Levu
19%
Brazil 20,000 Bananal Island
14%
Indonesia 11,413 Bangka Island
14%
Canada (Nunavut) 16,042 Bathurst Island
14%
Antarctica 43,873 Berkner Island
14%
Canada (Nova Scotia) 10,311 Cape Breton Island
14%
United Kingdom (Falkland Islands) 7,040 East Falkland
14%
France (New Caledonia) 16,648 Grande Terre
14%
Canada (Québec) 7,941 Île d'Anticosti
14%
United States (Alaska) 9,310 Kodiak Island
14%
Russia (Sakha Republic) 24,000 Kotelny Island
14%
Canada (NW Territories/Nunavut) 42,149 Melville Island
14%
Philippines 13,075 Negros
14%
Papua New Guinea 7,405 New Ireland
14%
Norway (Svalbard) 14,467 Nordaustlandet
14%
Russia (Krasnoyarsk Kray) 14,204 October Revolution Island
14%
Philippines 12,011 Panay
14%
Canada (Nunavut) 33,339 Prince of Wales Island
14%
Canada (Northwest Territories) 15,848 Prince Patrick Island
14%
Antarctica 7,910 Roosevelt Island
14%
Indonesia 17,454 Seram Island
14%
Canada (Nunavut) 24,786 Somerset Island
14%
Canada (Nunavut) 41,214 Southampton Island
14%
Indonesia 14,386 Sumbawa
14%
Antarctica 15,700 Thurston Island
14%
Russia (Chukotka) 7,866 Vrangelya (Wrangel Island)
14%
Indonesia 11,742 Yos Sudarso Island
14%
Russia (Arkhangel'sk Oblast) 33,246 Yuzhny Island
14%
Canada (Nunavut) 43,178 Axel Heiberg Island
10%
Russia (Krasnoyarsk Kray) 11,206 Bolshevik Island
10%
Indonesia 8,473 Buru
10%
Canada (Nunavut) 11,067 Bylot Island
10%
Antarctica 8,500 Carney Island
10%
Chile 8,478 Chiloé Island
10%
Canada (Nunavut) 6,995 Cornwallis Island
10%
Denmark 8,612 Disko Island
10%
Canada (Nunavut) 11,295 Ellef Ringnes Island
10%
France 6,617 Grande Terre (Kerguelen)
10%
Brazil 7,700 Ilha Tupinambarana (West)
10%
Canada (Nunavut) 13,111 King William Island
10%
Russia (Krasnoyarsk Kray) 8,812 Komsomolets Island
10%
Philippines 7,368 Leyte
10%
Philippines 10,572 Mindoro
10%
Canada (Nunavut) 9,521 Prince Charles Island
10%
United States (Alaska) 6,675 Prince of Wales Island
10%
Philippines 12,849 Samar
10%
Antarctica 6,390 Siple Island
10%
Indonesia 10,711 Sumba
10%
No matching quizzes found
Score Distribution
Percent of People with Each Score
Percentile by Number Answered
Your Score History
You have not taken this quiz